Through the Kaleidoscope: NHL Logos Quiz Stats

Quiz not verified by Sporcle

Challenge
Share
Tweet
Score 0/31 Timer 05:00
2 Plays Today
% Correct
Los Angeles Kings
97.9%
Calgary Flames
97.1%
Detroit Red Wings
96.2%
Winnipeg Jets
95.9%
Ottawa Senators
95.3%
New York Rangers
95.2%
Boston Bruins
94.9%
Philadelphia Flyers
93.1%
Chicago Blackhawks
92.8%
Montreal Canadiens
92.5%
Pittsburgh Penguins
92.5%
Minnesota Wild
92.5%
Toronto Maple Leafs
92.2%
Edmonton Oilers
91.8%
Florida Panthers
91.6%
New York Islanders
91%
% Correct
San Jose Sharks
90.8%
Colorado Avalanche
88%
Arizona Coyotes
86.5%
St. Louis Blues
86.2%
Dallas Stars
86.1%
Washington Capitals
86%
Vancouver Canucks
85.1%
Buffalo Sabres
85%
Nashville Predators
84%
New Jersey Devils
83.6%
Anaheim Ducks
83.3%
Columbus Blue Jackets
82.3%
Vegas Golden Knights
80.9%
Carolina Hurricanes
78.5%
Tampa Bay Lightning
75.8%

You're not logged in!

Compare scores with friends on all Sporcle quizzes.
Sign Up with Email
OR
Log In

You Might Also Like...

Show Comments

Extras

Top Quizzes Today


Score Distribution

Your Account Isn't Verified!

In order to create a playlist on Sporcle, you need to verify the email address you used during registration. Go to your Sporcle Settings to finish the process.